Które państwo...? - Statystyki

Ogólne statystyki
  • Ten quiz został rozwiązany 75 razy
  • Średni wynik to 11 z 15
Statystyki odpowiedzi
Zagadnienie Odpowiedź % Poprawnych
Które państwo ma wyżej położoną stolicę? Boliwia
100%
Które państwo ma większą powierzchnie? Kanada
100%
Które państwo ma wyższą najwyższą górę? Słowacja
100%
Które państwo ma większą populację? Indonezja
86%
Które państwo ma wyższe PKB? Niemcy
86%
Które państwo ma starszego prezydenta? Polska
86%
Które państwo ma najwyższy budynek świata? Zjednoczone Emiraty Arabskie
86%
Które państwo jest bardziej zalesione? (w %) Finlandia
71%
Które państwo ma dostęp do 2 mórz? Niemcy
71%
Przez które państwo przechodzi równik? Gabon
57%
Które państwo walczyło po stronie aliantów na początku 2 wś? Jugosławia
57%
Które państwo ma dostęp do morza? Kambodża
57%
Które państwo ma większą populacje? Korea Południowa
57%
Które państwo ma bardziej zaludnioną stolicę? Polska
57%
Które państwo ma wyższe PKB na osobę na świecie? Katar
14%
Nie znaleziono quizów pasujących do podanych kryteriów
Rozkład punktacji
Procent ludzi z każdym wynikiem
Percentyl według liczby udzielonych odpowiedzi
Twoja historia wyników
Nie rozwiązałeś tego quizu